| 000 | 00844cam a22002777a 4500 | ||
|---|---|---|---|
| 003 | CHAP | ||
| 005 | 20220329135205.0 | ||
| 008 | 971013s1969 r 00010 d | ||
| 010 | _a32366 | ||
| 011 | _a33338 | ||
| 035 | _a37453 | ||
| 040 | _cCHAP | ||
| 082 |
_a985.01 _bM3 1969 |
||
| 100 | 0 | 0 |
_aMason, John Alden. _972786 |
| 245 | 1 | 4 | _aThe ancient civilization of Peru |
| 260 |
_aHarmondsworth, England : _bPinguin, _c1969 |
||
| 300 |
_a335 p. _b: ilus. ; láms |
||
| 590 |
_aBATCH-UPD _b10 _c20130110 _lUCH01 _h2155 |
||
| 590 |
_aBATCH-UPD _b10 _c20130410 _lUCH01 _h1503 |
||
| 590 |
_aBATCH-UPD _b10 _c20130914 _lUCH01 _h1804 |
||
| 590 |
_aCONVERSION _b10 _c20130109 _lUCH01 _h1318 |
||
| 650 | 1 | 4 |
_aPerú _xHistoria. _987221 |
| 901 | _aBK | ||
| 942 | _cLIBRO | ||
| 949 |
_a985.01 M3 1969 _bBC _cLIBRO _d33724000600821 _eLIBRO _h15599 _i37453 _si _t34.00 |
||
| 999 |
_c32366 _d32366 |
||